[Event "32. Open Andorra Hotel St.Gothard "]
[Site "Erts-La Massana AND"]
[Date "2014.07.23"]
[Round "5.18"]
[White "Gozzoli, Cyrille"]
[Black "Laclau, Daniel"]
[Result "0-1"]
[WhiteElo "2116"]
[BlackElo "2326"]
[PlyCount "66"]
[EventDate "2014.07.19"]
[EventType "swiss"]
[EventRounds "9"]
[EventCountry "AND"]
[Source "lmi"]
[SourceDate "2014.07.19"]

1. d4 Nf6 2. Nf3 g6 3. g3 Bg7 4. Bg2 c5 5. d5 d6 6. Nc3 O-O 7. O-O a6 8. a4
Nbd7 9. e4 Rb8 10. a5 b5 11. axb6 Nxb6 12. e5 Ng4 13. exd6 exd6 14. Bf4 Nc4 15.
b3 Bxc3 16. bxc4 Bxa1 17. Qxa1 f6 18. h4 Ne5 19. Nxe5 fxe5 20. Bg5 Qc7 21. f4
exf4 22. Bh6 Rf7 23. Bxf4 a5 24. Re1 Bf5 25. Be4 Bxe4 26. Rxe4 Re7 27. Re6 Rxe6
28. dxe6 Re8 29. Qe1 Qe7 30. Qxa5 Qxe6 31. Qc7 Qxc4 32. Qxd6 Re1+ 33. Kh2 Qe2+
0-1

[Event "32. Open Andorra Hotel St.Gothard "]
[Site "Erts-La Massana AND"]
[Date "2014.07.23"]
[Round "5.19"]
[White "Garcia Blanco, Omar"]
[Black "Hardarson, Jon Trausti"]
[Result "1/2-1/2"]
[WhiteElo "2272"]
[BlackElo "2045"]
[PlyCount "83"]
[EventDate "2014.07.19"]
[EventType "swiss"]
[EventRounds "9"]
[EventCountry "AND"]
[Source "lmi"]
[SourceDate "2014.07.19"]

1. e4 c5 2. c3 d5 3. exd5 Qxd5 4. d4 Nc6 5. Nf3 Bf5 6. Be2 cxd4 7. cxd4 Bxb1 8.
Rxb1 e6 9. O-O Nf6 10. Bf4 Bd6 11. Bc4 Qxc4 12. Bxd6 Rd8 13. Ba3 Nxd4 14. Nxd4
Qxd4 15. Qb3 Qb6 16. Qg3 Qd4 17. h3 Ne4 18. Qc7 Qd7 19. Qe5 Qd4 20. Qb5+ Qd7
21. Qb4 f5 22. Rbd1 Qc7 23. Rc1 Qd7 24. Rfd1 Qxd1+ 25. Rxd1 Rxd1+ 26. Kh2 Rd7
27. Qa4 a6 28. g4 Nf6 29. gxf5 exf5 30. Qb3 Nd5 31. Qc2 Kf7 32. Qxf5+ Nf6 33.
Bb4 Rd5 34. Qf3 Rhd8 35. Bc3 R8d7 36. a3 Rd3 37. Qf4 Rd1 38. Qh4 R1d6 39. Kg2
h6 40. Qc4+ Rd5 41. Be5 Kf8 42. Bxf6 1/2-1/2

[Event "32. Open Andorra Hotel St.Gothard "]
[Site "Erts-La Massana AND"]
[Date "2014.07.23"]
[Round "5.20"]
[White "Sola Plaza, Gregorio"]
[Black "Forsa, Espen"]
[Result "0-1"]
[WhiteElo "1924"]
[BlackElo "2256"]
[PlyCount "118"]
[EventDate "2014.07.19"]
[EventType "swiss"]
[EventRounds "9"]
[EventCountry "AND"]
[Source "lmi"]
[SourceDate "2014.07.19"]

1. d4 Nf6 2. Bg5 Ne4 3. Bf4 g5 4. Bc1 g4 5. e3 d5 6. Ne2 Bg7 7. Nbc3 Nf6 8. b3
c6 9. Bb2 h5 10. Qd2 Bf5 11. O-O-O Nbd7 12. Ng3 Bg6 13. Bd3 h4 14. Nge2 Bxd3
15. Qxd3 h3 16. gxh3 Rxh3 17. Nf4 Rh6 18. Qe2 Qc7 19. h3 gxh3 20. Rdg1 Rh7 21.
Nxh3 Bh6 22. Kb1 O-O-O 23. f3 Qd6 24. a4 Rdh8 25. Nf2 Bf8 26. Rxh7 Rxh7 27. Ng4
Nxg4 28. Rxg4 Rh1+ 29. Ka2 Qh6 30. Rg2 e6 31. Nd1 Bb4 32. c3 Bd6 33. Nf2 Rh5
34. Ba3 Bxa3 35. Kxa3 Rh2 36. Ng4 Rxg2 37. Qxg2 Qg6 38. Qh1 Qd3 39. Qe1 Qc2 40.
e4 dxe4 41. fxe4 c5 42. Qe3 c4 43. bxc4 Nb6 44. Ne5 Qxa4+ 45. Kb2 Nxc4+ 46.
Nxc4 Qxc4 47. Qf3 Qc7 48. Qg4 Qd7 49. Qg5 b6 50. e5 a5 51. Qg8+ Kb7 52. Qf8 Ka6
53. Qb8 Kb5 54. Ka3 Qc6 55. Kb2 Kc4 56. Qd6 Qb5+ 57. Ka1 Qa4+ 58. Kb1 Qb3+ 59.
Ka1 Qxc3+ 0-1

[Event "32. Open Andorra Hotel St.Gothard "]
[Site "Erts-La Massana AND"]
[Date "2014.07.24"]
[Round "6.1"]
[White "Demuth, Adrien"]
[Black "Vovk, Andrey"]
[Result "1/2-1/2"]
[WhiteElo "2488"]
[BlackElo "2616"]
[PlyCount "25"]
[EventDate "2014.07.19"]
[EventType "swiss"]
[EventRounds "9"]
[EventCountry "AND"]
[Source "lmi"]
[SourceDate "2014.07.19"]

1. d4 Nf6 2. c4 g6 3. Nc3 Bg7 4. e4 d6 5. Nf3 O-O 6. h3 e5 7. d5 a5 8. Be3 Na6
9. g4 Nd7 10. Rg1 Kh8 11. Qd2 Ndc5 12. O-O-O f5 13. Bg5 1/2-1/2

[Event "32. Open Andorra Hotel St.Gothard "]
[Site "Erts-La Massana AND"]
[Date "2014.07.24"]
[Round "6.2"]
[White "Gozzoli, Yannick"]
[Black "Gretarsson, Hjorvar Steinn"]
[Result "1/2-1/2"]
[WhiteElo "2529"]
[BlackElo "2535"]
[PlyCount "33"]
[EventDate "2014.07.19"]
[EventType "swiss"]
[EventRounds "9"]
[EventCountry "AND"]
[Source "lmi"]
[SourceDate "2014.07.19"]

1. d4 d5 2. c4 c6 3. Nc3 e6 4. Nf3 dxc4 5. e3 b5 6. a4 Bb4 7. Bd2 a5 8. axb5
Bxc3 9. Bxc3 cxb5 10. b3 Bb7 11. d5 Nf6 12. bxc4 b4 13. Bxf6 Qxf6 14. Qa4+ Nd7
15. Nd4 e5 16. Nb3 Ke7 17. Be2 1/2-1/2

[Event "32. Open Andorra Hotel St.Gothard "]
[Site "Erts-La Massana AND"]
[Date "2014.07.24"]
[Round "6.3"]
[White "Comas Fabrego, Lluis"]
[Black "Rios, Cristhian Camilo"]
[Result "1-0"]
[WhiteElo "2512"]
[BlackElo "2421"]
[PlyCount "105"]
[EventDate "2014.07.19"]
[EventType "swiss"]
[EventRounds "9"]
[EventCountry "AND"]
[Source "lmi"]
[SourceDate "2014.07.19"]

1. e4 c5 2. Nf3 e6 3. Nc3 d6 4. d4 cxd4 5. Qxd4 a6 6. Be3 Nc6 7. Qb6 Qxb6 8.
Bxb6 Nf6 9. O-O-O Be7 10. Be2 O-O 11. Nd2 Nd7 12. Bc7 Nd4 13. Nc4 Nxe2+ 14.
Nxe2 d5 15. exd5 exd5 16. Ne3 Nf6 17. Nf4 Be6 18. Nexd5 Nxd5 19. Nxd5 Bc5 20.
Bb6 Bxd5 21. Bxc5 Rfd8 22. Be7 Bxg2 23. Rxd8+ Rxd8 24. Rg1 Re8 25. Bf6 Re6 26.
Bxg7 Rg6 27. Be5 Bf3 28. Re1 Re6 29. Re3 Bh5 30. Rg3+ Bg6 31. Bd4 Re4 32. Be3
Ra4 33. a3 h5 34. f3 Ra5 35. f4 Rd5 36. b3 Kf8 37. Bd2 Rd4 38. Rg5 h4 39. f5
Bh7 40. Bb4+ Ke8 41. Rh5 Bg8 42. Rh8 Rg4 43. f6 Kd7 44. h3 Rg1+ 45. Kb2 Ke6 46.
Be7 Kf5 47. Kc3 Rg3+ 48. Kd4 Rg5 49. a4 b6 50. c4 a5 51. Rxh4 Kg6 52. Rg4 Kf5
53. Rxg5+ 1-0

[Event "32. Open Andorra Hotel St.Gothard "]
[Site "Erts-La Massana AND"]
[Date "2014.07.24"]
[Round "6.4"]
[White "Tkachiev, Vladislav"]
[Black "Midoux, Sebastien"]
[Result "1-0"]
[WhiteElo "2625"]
[BlackElo "2374"]
[PlyCount "81"]
[EventDate "2014.07.19"]
[EventType "swiss"]
[EventRounds "9"]
[EventCountry "AND"]
[Source "lmi"]
[SourceDate "2014.07.19"]

1. d4 Nf6 2. c4 g6 3. Nc3 d5 4. cxd5 Nxd5 5. Bd2 Nb6 6. Bg5 Bg7 7. e3 O-O 8.
Nf3 h6 9. Bh4 c6 10. Be2 Be6 11. O-O f5 12. Qc2 N8d7 13. Rfd1 Kh8 14. Bg3 Bg8
15. Ne1 Qe8 16. Nd3 g5 17. Bf3 Rc8 18. a4 Na8 19. a5 Nc7 20. Bxc7 Rxc7 21. a6
Qb8 22. Rdc1 bxa6 23. Rxa6 Bb3 24. Qd2 Rfc8 25. Na4 e5 26. dxe5 Nxe5 27. Nxe5
Bxe5 28. Nc5 Bg8 29. b4 g4 30. Be2 Bxh2+ 31. Kh1 Rg7 32. g3 Bxg3 33. fxg3 Qxg3
34. Bf1 Re8 35. Rxc6 Kh7 36. e4 Qh4+ 37. Qh2 Qg5 38. Rd1 fxe4 39. Rdd6 h5 40.
Nd7 Rge7 41. Nf6+ 1-0

[Event "32. Open Andorra Hotel St.Gothard "]
[Site "Erts-La Massana AND"]
[Date "2014.07.24"]
[Round "6.5"]
[White "Jerez Perez, Alfonso"]
[Black "Kogan, Artur"]
[Result "1-0"]
[WhiteElo "2374"]
[BlackElo "2548"]
[PlyCount "63"]
[EventDate "2014.07.19"]
[EventType "swiss"]
[EventRounds "9"]
[EventCountry "AND"]
[Source "lmi"]
[SourceDate "2014.07.19"]

1. e4 d5 2. exd5 Qxd5 3. Nc3 Qa5 4. d4 Nf6 5. Nf3 c6 6. Bc4 b5 7. Bb3 e6 8. O-O
b4 9. Nb1 Be7 10. Nbd2 O-O 11. Nc4 Qc7 12. a3 c5 13. dxc5 bxa3 14. bxa3 Ba6 15.
Nfe5 Nbd7 16. Re1 Bxc5 17. Bb2 Nxe5 18. Nxe5 Rfd8 19. Nd3 Bd4 20. Bxd4 Rxd4 21.
Qf3 Ng4 22. Qh3 Bxd3 23. cxd3 Qb6 24. Rab1 Rf4 25. Qg3 Nxf2 26. Re3 Qd4 27. h3
Rb8 28. h4 Rb5 29. Rc1 g6 30. Rc4 Qb2 31. Qxf4 Rxb3 32. Rf3 1-0

[Event "32. Open Andorra Hotel St.Gothard "]
[Site "Erts-La Massana AND"]
[Date "2014.07.24"]
[Round "6.6"]
[White "Arngrimsson, Dagur"]
[Black "Narciso Dublan, Marc"]
[Result "1-0"]
[WhiteElo "2366"]
[BlackElo "2523"]
[PlyCount "75"]
[EventDate "2014.07.19"]
[EventType "swiss"]
[EventRounds "9"]
[EventCountry "AND"]
[Source "lmi"]
[SourceDate "2014.07.19"]

1. d4 f5 2. Bg5 g6 3. Nc3 d5 4. Qd2 Bg7 5. h4 c6 6. e3 Nd7 7. f3 Ngf6 8. Bf4
O-O 9. O-O-O Nh5 10. Bh2 e5 11. g4 fxg4 12. fxg4 Nhf6 13. Be2 exd4 14. exd4 Nb6
15. g5 Ne4 16. Nxe4 dxe4 17. c4 Be6 18. c5 Nd5 19. Bd6 Rf7 20. Bc4 b5 21. Bb3
a5 22. Ne2 a4 23. Bxd5 Bxd5 24. h5 gxh5 25. Rxh5 Bxa2 26. Rdh1 Raa7 27. Rxh7
Rf1+ 28. Rxf1 Kxh7 29. Nc3 Bd5 30. Nxd5 cxd5 31. Qf4 Bxd4 32. Qf5+ Kg7 33. Qxd5
Be3+ 34. Kb1 Bxg5 35. Bf8+ Kh8 36. Rh1+ Rh7 37. Rxh7+ Kxh7 38. Qf7+ 1-0

[Event "32. Open Andorra Hotel St.Gothard "]
[Site "Erts-La Massana AND"]
[Date "2014.07.24"]
[Round "6.7"]
[White "Laclau, Daniel"]
[Black "Riff, Jean-Noel"]
[Result "0-1"]
[WhiteElo "2326"]
[BlackElo "2482"]
[PlyCount "72"]
[EventDate "2014.07.19"]
[EventType "swiss"]
[EventRounds "9"]
[EventCountry "AND"]
[Source "lmi"]
[SourceDate "2014.07.19"]

1. d4 e6 2. c4 Bb4+ 3. Nd2 Nf6 4. Ngf3 O-O 5. a3 Be7 6. e3 c5 7. Bd3 cxd4 8.
exd4 b6 9. b3 Bb7 10. Bb2 d5 11. Qe2 Nc6 12. O-O Re8 13. Rac1 Bf8 14. Rfd1 Rc8
15. b4 dxc4 16. Nxc4 Nd5 17. Qe4 g6 18. b5 Na5 19. Nxa5 bxa5 20. Ne5 f6 21.
Rxc8 Qxc8 22. Rc1 Qa8 23. Nc6 a6 24. Nxa5 axb5 25. Nxb7 Qxb7 26. h4 f5 27. Qe1
h6 28. a4 Qe7 29. Bxb5 Rd8 30. Rc6 Rd6 31. Rxd6 Qxd6 32. Qc1 Be7 33. Qc8+ Kg7
34. h5 gxh5 35. Bd7 Nb6 36. d5+ e5 0-1

[Event "32. Open Andorra Hotel St.Gothard "]
[Site "Erts-La Massana AND"]
[Date "2014.07.24"]
[Round "6.8"]
[White "Kantsler, Boris"]
[Black "Berkovich, Mark A"]
[Result "1/2-1/2"]
[WhiteElo "2429"]
[BlackElo "2339"]
[PlyCount "35"]
[EventDate "2014.07.19"]
[EventType "swiss"]
[EventRounds "9"]
[EventCountry "AND"]
[Source "lmi"]
[SourceDate "2014.07.19"]

1. d4 Nf6 2. c4 e6 3. Nc3 Bb4 4. e3 O-O 5. Bd3 d5 6. Nf3 Nc6 7. O-O a6 8. cxd5
exd5 9. h3 Bd6 10. a3 Ne7 11. Qc2 h6 12. b4 Be6 13. Ne5 Qc8 14. f3 Nd7 15. f4
f6 16. Nf3 Nb6 17. g4 Qd7 18. f5 1/2-1/2

[Event "32. Open Andorra Hotel St.Gothard "]
[Site "Erts-La Massana AND"]
[Date "2014.07.24"]
[Round "6.9"]
[White "Forsa, Espen"]
[Black "Sjodahl, Pontus"]
[Result "0-1"]
[WhiteElo "2256"]
[BlackElo "2423"]
[PlyCount "172"]
[EventDate "2014.07.19"]
[EventType "swiss"]
[EventRounds "9"]
[EventCountry "AND"]
[Source "lmi"]
[SourceDate "2014.07.19"]

1. c4 e6 2. Nc3 Nf6 3. d4 Bb4 4. e3 O-O 5. Bd3 c5 6. Nf3 cxd4 7. exd4 d5 8. O-O
dxc4 9. Bxc4 b6 10. Qe2 Bb7 11. Rd1 Nbd7 12. d5 e5 13. Bg5 h6 14. Bxf6 Qxf6 15.
Ne4 Qf4 16. Bb5 Nf6 17. Nxf6+ gxf6 18. a3 Bd6 19. Qe3 Qxe3 20. fxe3 Rad8 21.
Kf2 f5 22. Bc6 Bc8 23. g3 Kg7 24. Nd2 Kf6 25. b4 h5 26. Nc4 Rg8 27. Nxd6 Rxd6
28. a4 a6 29. Rdc1 h4 30. Rc4 e4 31. Rg1 hxg3+ 32. hxg3 Ke5 33. Rcc1 Bd7 34.
Rgd1 Rh8 35. Rg1 Bxc6 36. dxc6 Rd2+ 37. Ke1 Rd3 38. Ke2 Rh2+ 39. Kf1 Rh8 40.
Ke2 Kd6 41. c7 Kd7 42. Rh1 Rc8 43. Rh7 Ke7 44. Rh6 Rd6 45. Rc6 Rxh6 46. Rxh6 f6
47. Rh7+ Kd6 48. Kd2 Rxc7 49. Rxc7 Kxc7 50. Kc3 Kc6 51. Kc4 b5+ 52. axb5+ axb5+
53. Kd4 Kd6 54. Kc3 Ke5 55. Kb3 f4 56. gxf4+ Kf5 57. Kc3 Kg4 58. Kd4 f5 59. Kc5
Kf3 60. Kxb5 Kxe3 61. Kc4 Kxf4 62. b5 e3 63. b6 e2 64. b7 e1=Q 65. b8=Q+ Qe5
66. Qg8 Kf3 67. Qh7 Qe4+ 68. Kb3 Qe3+ 69. Kc4 Qe4+ 70. Kc3 Kg3 71. Kd2 Qd4+ 72.
Ke2 Qf2+ 73. Kd3 Qf3+ 74. Kd2 f4 75. Qg7+ Kf2 76. Qg5 Qe3+ 77. Kd1 Qd4+ 78. Kc2
f3 79. Qf5 Qe3 80. Qh5 Qf4 81. Qh1 Qc7+ 82. Kd3 Qf4 83. Kc2 Qe4+ 84. Kb3 Qe3+
85. Kc2 Kg3 86. Qh7 f2 0-1

[Event "32. Open Andorra Hotel St.Gothard "]
[Site "Erts-La Massana AND"]
[Date "2014.07.24"]
[Round "6.10"]
[White "Trigo Urquijo, Sergio"]
[Black "Granda Zuniga, Julio E"]
[Result "0-1"]
[WhiteElo "2245"]
[BlackElo "2674"]
[PlyCount "104"]
[EventDate "2014.07.19"]
[EventType "swiss"]
[EventRounds "9"]
[EventCountry "AND"]
[Source "lmi"]
[SourceDate "2014.07.19"]

1. d4 c5 2. d5 e5 3. c4 d6 4. e4 g6 5. Bd3 Bg7 6. Ne2 Ne7 7. h4 h5 8. f3 Na6 9.
Nbc3 Nc7 10. g3 Bd7 11. Bg5 a6 12. a4 b6 13. O-O f6 14. Be3 a5 15. Qd2 Ng8 16.
f4 Nh6 17. fxe5 dxe5 18. d6 Ne6 19. Nd5 Ng4 20. Nec3 O-O 21. Be2 Nxe3 22. Qxe3
Nd4 23. Kg2 Kh7 24. Rad1 Rb8 25. Rf2 Nxe2 26. Nxe2 Bxa4 27. b3 Bd7 28. Ne7 Rb7
29. Nc3 Bg4 30. Rd5 Rd7 31. Nb5 Re8 32. Nc6 Qa8 33. Ne7 Qb7 34. Kh2 Rf8 35. Nc3
Qb8 36. Nb5 Qe8 37. Qe1 Qf7 38. Qe3 Qe6 39. Nc6 Rdf7 40. Rf1 Qd7 41. Ne7 Be6
42. Rd3 a4 43. Qe2 Ra8 44. Nc7 Bg4 45. Qd2 Rb8 46. Nb5 axb3 47. Ra1 b2 48. Qxb2
Rxe7 49. Ra7 Qxa7 50. Nxa7 Rxa7 51. d7 Bxd7 52. Qd2 Rba8 0-1

[Event "32. Open Andorra Hotel St.Gothard "]
[Site "Erts-La Massana AND"]
[Date "2014.07.24"]
[Round "6.11"]
[White "Arizmendi Martinez, Julen Luis"]
[Black "Garcia Blanco, Omar"]
[Result "1-0"]
[WhiteElo "2553"]
[BlackElo "2272"]
[PlyCount "153"]
[EventDate "2014.07.19"]
[EventType "swiss"]
[EventRounds "9"]
[EventCountry "AND"]
[Source "lmi"]
[SourceDate "2014.07.19"]

1. d4 Nf6 2. c4 c5 3. d5 b5 4. cxb5 a6 5. bxa6 g6 6. Nc3 Bg7 7. e4 Qa5 8. Bd2
O-O 9. e5 Ne8 10. Nf3 Bxa6 11. Na4 Qc7 12. Bxa6 Nxa6 13. O-O d6 14. exd6 exd6
15. Nc3 Nf6 16. Bf4 Rfb8 17. Qd2 Rb4 18. Rfe1 Rab8 19. Rab1 Qd7 20. b3 Nc7 21.
h3 Nb5 22. Nxb5 R8xb5 23. Bh6 Rb8 24. Bxg7 Kxg7 25. Rbd1 Qf5 26. Re7 R8b7 27.
Rxb7 Rxb7 28. Qd3 Qe4 29. Qc3 Qb4 30. Qd3 Qe4 31. Qa6 Qe7 32. Qc4 Qe4 33. Nd2
Qxd5 34. Qxd5 Nxd5 35. Ne4 Re7 36. Nxd6 Nc3 37. Rd2 Re1+ 38. Kh2 Ra1 39. a4 Rb1
40. Rd3 Nd1 41. Ne4 f5 42. Nxc5 Nxf2 43. Rd2 Ne4 44. Nxe4 fxe4 45. Ra2 Rxb3 46.
a5 e3 47. Kg3 e2+ 48. Kf2 Rg3 49. Ra1 e1=Q+ 50. Kxe1 Rxg2 51. Ra4 Rb2 52. a6
Rb8 53. a7 Ra8 54. Kf2 Kf6 55. Kg3 Kf5 56. Ra5+ Ke4 57. Kg4 h6 58. Ra3 Ke5 59.
Ra4 Kd5 60. Kf4 Rf8+ 61. Kg4 Ra8 62. Kf4 Rf8+ 63. Ke3 Ra8 64. Kf3 Ke5 65. Ke2
g5 66. Ke3 h5 67. Ra5+ Kf6 68. Kd4 g4 69. h4 Ke6 70. Kc5 g3 71. Kb6 Rg8 72.
a8=Q Rxa8 73. Rxa8 Kf5 74. Rg8 Kf4 75. Rg5 Kf3 76. Rxh5 Kg4 77. Rh8 1-0

[Event "32. Open Andorra Hotel St.Gothard "]
[Site "Erts-La Massana AND"]
[Date "2014.07.24"]
[Round "6.12"]
[White "Glud, Jakob Vang"]
[Black "Rodriguez Rueda, Paula Andrea"]
[Result "1-0"]
[WhiteElo "2538"]
[BlackElo "2244"]
[PlyCount "83"]
[EventDate "2014.07.19"]
[EventType "swiss"]
[EventRounds "9"]
[EventCountry "AND"]
[Source "lmi"]
[SourceDate "2014.07.19"]

1. c4 e6 2. g3 d5 3. Nf3 Nf6 4. Bg2 Be7 5. O-O O-O 6. Qc2 Nbd7 7. d4 c6 8. Nbd2
b6 9. Rd1 Bb7 10. e4 dxe4 11. Nxe4 Nxe4 12. Qxe4 Nf6 13. Qe2 Re8 14. b3 Qc7 15.
Bf4 Bd6 16. Ne5 Nd7 17. c5 Bxe5 18. Bxe5 Nxe5 19. dxe5 Rad8 20. Rd6 bxc5 21.
Rad1 Qb6 22. Be4 Rxd6 23. Rxd6 g6 24. Qf3 Qb4 25. h4 Ba6 26. Rd7 Rf8 27. Kh2
Bc8 28. Rd6 h5 29. Qf4 a5 30. g4 hxg4 31. h5 Qc3 32. Rd3 Qb2 33. Qf6 Qc1 34.
Re3 g3+ 35. Rxg3 Qh6 36. Bxg6 fxg6 37. Rxg6+ Qxg6 38. Qxg6+ Kh8 39. h6 Rg8 40.
Qf6+ Kh7 41. Qf7+ Kh8 42. h7 1-0

[Event "32. Open Andorra Hotel St.Gothard "]
[Site "Erts-La Massana AND"]
[Date "2014.07.24"]
[Round "6.13"]
[White "Llaneza Vega, Patricia"]
[Black "Almeida Quintana, Omar"]
[Result "1/2-1/2"]
[WhiteElo "2217"]
[BlackElo "2492"]
[PlyCount "116"]
[EventDate "2014.07.19"]
[EventType "swiss"]
[EventRounds "9"]
[EventCountry "AND"]
[Source "lmi"]
[SourceDate "2014.07.19"]

1. e4 g6 2. d4 Bg7 3. Nc3 c6 4. Bc4 d6 5. Qf3 e6 6. Nge2 Nd7 7. a4 Ngf6 8. Bb3
a5 9. O-O O-O 10. Qg3 e5 11. dxe5 dxe5 12. Qh4 Nh5 13. Qxd8 Rxd8 14. Be3 Bf8
15. Rad1 Re8 16. Rd2 Nc5 17. Ba2 Ng7 18. Rfd1 Be6 19. Bxe6 Ngxe6 20. Kf1 h5 21.
Ng1 Na6 22. Nge2 Bb4 23. f3 Kg7 24. Rd3 Be7 25. R3d2 h4 26. Nc1 Bc5 27. Bxc5
Naxc5 28. Nd3 Kf6 29. Kf2 Rad8 30. Nxc5 Rxd2+ 31. Rxd2 Nxc5 32. b3 Ke6 33. g3
Rh8 34. g4 Rc8 35. Ke3 f6 36. Rd1 Ke7 37. Rd2 Ne6 38. Ne2 b5 39. Nc3 Nd4 40. f4
b4 41. Nd1 exf4+ 42. Kxf4 Ne6+ 43. Ke3 Ng5 44. Nb2 Nf7 45. Nc4 Ne5 46. Nxe5
fxe5 47. Kd3 Rd8+ 48. Ke3 Rc8 49. Kd3 Rf8 50. Kc4 Rf4 51. Kc5 Rxg4 52. Kb6 h3
53. Rd3 Rxe4 54. Rxh3 Re2 55. Kxa5 Rxc2 56. Kxb4 Kd6 57. Rd3+ Kc7 58. Rg3 Rxh2
1/2-1/2

[Event "32. Open Andorra Hotel St.Gothard "]
[Site "Erts-La Massana AND"]
[Date "2014.07.24"]
[Round "6.14"]
[White "Mikkelsen, Nikolaj"]
[Black "Gandrud, Vegar Koi"]
[Result "1/2-1/2"]
[WhiteElo "2443"]
[BlackElo "2210"]
[PlyCount "113"]
[EventDate "2014.07.19"]
[EventType "swiss"]
[EventRounds "9"]
[EventCountry "AND"]
[Source "lmi"]
[SourceDate "2014.07.19"]

1. e4 c5 2. Nf3 d6 3. d4 cxd4 4. Nxd4 Nf6 5. Nc3 a6 6. Be2 e5 7. Nb3 Be7 8. Be3
O-O 9. g4 Be6 10. g5 Ne8 11. h4 Nc7 12. Nd5 Nxd5 13. exd5 Bf5 14. Bd3 e4 15.
Be2 Nd7 16. Nd4 Qa5+ 17. Qd2 Qxd2+ 18. Kxd2 g6 19. h5 Ne5 20. Nxf5 gxf5 21.
Rag1 Kh8 22. g6 Rg8 23. g7+ Rxg7 24. Rxg7 Kxg7 25. h6+ Kf6 26. Rg1 Bf8 27. c4
Ke7 28. Rh1 Ng4 29. Bxg4 fxg4 30. Rh5 f6 31. Rf5 Kf7 32. Rf4 Bxh6 33. Rxg4 f5
34. Rh4 Bxe3+ 35. Kxe3 Kg6 36. Rh1 Rc8 37. b3 b5 38. Kd4 bxc4 39. bxc4 h5 40.
Rb1 h4 41. Rb6 Rd8 42. c5 h3 43. cxd6 Kg5 44. Rb3 Kh4 45. Rb7 Rh8 46. Ke5 h2
47. Rb1 Kg4 48. d7 Kf3 49. Kxf5 Kxf2 50. Kxe4 Rd8 51. d6 Rxd7 52. Kd5 Rh7 53.
Kc6 h1=Q+ 54. Rxh1 Rxh1 55. d7 Rc1+ 56. Kb7 Rd1 57. Kc8 1/2-1/2

[Event "32. Open Andorra Hotel St.Gothard "]
[Site "Erts-La Massana AND"]
[Date "2014.07.24"]
[Round "6.15"]
[White "Hagen, Anders Gjerdrum"]
[Black "Zumsande, Martin"]
[Result "1/2-1/2"]
[WhiteElo "2203"]
[BlackElo "2430"]
[PlyCount "62"]
[EventDate "2014.07.19"]
[EventType "swiss"]
[EventRounds "9"]
[EventCountry "AND"]
[Source "lmi"]
[SourceDate "2014.07.19"]

1. d4 d5 2. c4 c6 3. Nf3 Nf6 4. e3 a6 5. Bd3 Bg4 6. Nbd2 Nbd7 7. Qc2 e6 8. b3
Bd6 9. O-O Bh5 10. Bb2 Qb8 11. h3 O-O 12. Ng5 Bg6 13. Bxg6 hxg6 14. e4 Bh2+ 15.
Kh1 Bf4 16. Ndf3 Bxg5 17. Nxg5 dxe4 18. Nxe4 Qf4 19. Rfe1 Rfd8 20. Bc1 Qf5 21.
f3 c5 22. Bb2 cxd4 23. Bxd4 Nxe4 24. Rxe4 Nc5 25. Bxc5 Qxc5 26. Rd1 e5 27.
Rxd8+ Rxd8 28. Qe2 f6 29. f4 exf4 30. Rxf4 Qd6 31. Re4 Kf7 1/2-1/2

[Event "32. Open Andorra Hotel St.Gothard "]
[Site "Erts-La Massana AND"]
[Date "2014.07.24"]
[Round "6.16"]
[White "Barbot, Pierre"]
[Black "Bannink, Bernard"]
[Result "1-0"]
[WhiteElo "2411"]
[BlackElo "2246"]
[PlyCount "46"]
[EventDate "2014.07.19"]
[EventType "swiss"]
[EventRounds "9"]
[EventCountry "AND"]
[Source "lmi"]
[SourceDate "2014.07.19"]

1. d4 d5 2. c4 c6 3. cxd5 cxd5 4. Nc3 Nc6 5. e4 dxe4 6. d5 Ne5 7. Qa4+ Bd7 8.
Qxe4 Ng6 9. Bc4 Nf6 10. Qe2 a6 11. Nf3 Bg4 12. Bg5 Bxf3 13. Qxf3 Ne5 14. Qe2
Nxc4 15. Qxc4 Qd6 16. O-O b5 17. Qb3 Ng4 18. g3 Rd8 19. Rad1 f6 20. Bf4 Qc5 21.
Ne4 Qc4 22. Qf3 g5 23. Rfe1 f5 1-0

[Event "32. Open Andorra Hotel St.Gothard "]
[Site "Erts-La Massana AND"]
[Date "2014.07.24"]
[Round "6.17"]
[White "Navrotescu, Andreea-Cristiana"]
[Black "Jolly, Jean-Francois"]
[Result "1-0"]
[WhiteElo "2181"]
[BlackElo "2376"]
[PlyCount "73"]
[EventDate "2014.07.19"]
[EventType "swiss"]
[EventRounds "9"]
[EventCountry "AND"]
[Source "lmi"]
[SourceDate "2014.07.19"]

1. d4 Nf6 2. Bg5 c5 3. d5 Ne4 4. Bf4 Qb6 5. Qc1 g6 6. f3 Bg7 7. c3 Nf6 8. e4
O-O 9. Na3 d6 10. Nc4 Qc7 11. a4 Rd8 12. g4 e6 13. Nxd6 Rxd6 14. e5 Rxd5 15.
exf6 e5 16. Bc4 Rd8 17. Bg5 Bh8 18. h4 e4 19. Bf4 Qc6 20. g5 exf3 21. Kf2 Bg4
22. Qe3 Qd7 23. Rd1 Qe8 24. Qxe8+ Rxe8 25. Nxf3 Nd7 26. Bb5 Nxf6 27. gxf6 Re6
28. Kg3 Bh5 29. Rd7 Rxf6 30. Re1 Bg7 31. Ne5 h6 32. Bc4 Rf8 33. Ng4 Rb6 34.
Nxh6+ Kh7 35. Nxf7 Rf6 36. Ng5+ Kh6 37. Rxg7 1-0

[Event "32. Open Andorra Hotel St.Gothard "]
[Site "Erts-La Massana AND"]
[Date "2014.07.24"]
[Round "6.18"]
[White "Hardarson, Jon Trausti"]
[Black "Alvarado Diaz, Alejandro"]
[Result "0-1"]
[WhiteElo "2045"]
[BlackElo "2354"]
[PlyCount "42"]
[EventDate "2014.07.19"]
[EventType "swiss"]
[EventRounds "9"]
[EventCountry "AND"]
[Source "lmi"]
[SourceDate "2014.07.19"]

1. d4 Nf6 2. c4 c5 3. d5 b5 4. cxb5 a6 5. bxa6 g6 6. Nc3 Bg7 7. Nf3 O-O 8. e4
Qa5 9. Bd2 Bxa6 10. g3 d6 11. Qc2 Nbd7 12. Nb5 Qb6 13. a4 Ng4 14. Be2 c4 15.
O-O Bxb5 16. Nh4 Nde5 17. h3 Nxf2 18. Rxf2 Nd3 19. Bxd3 cxd3 20. Qb3 Bd4 21.
Raf1 Bxa4 0-1

[Event "32. Open Andorra Hotel St.Gothard "]
[Site "Erts-La Massana AND"]
[Date "2014.07.24"]
[Round "6.19"]
[White "Nilsen, Joachim Birger"]
[Black "Simon Padros, Emili"]
[Result "1-0"]
[WhiteElo "2346"]
[BlackElo "2208"]
[PlyCount "117"]
[EventDate "2014.07.19"]
[EventType "swiss"]
[EventRounds "9"]
[EventCountry "AND"]
[Source "lmi"]
[SourceDate "2014.07.19"]

1. c4 e6 2. g3 f5 3. Bg2 Nf6 4. Nf3 d5 5. O-O c6 6. d4 Bd6 7. Qc2 O-O 8. Nc3
Ne4 9. Rb1 Qe7 10. b4 Bd7 11. c5 Bc7 12. Ne5 Be8 13. a4 a6 14. Na2 Nd7 15. Bf4
Nxe5 16. Bxe5 Nf6 17. Nc1 Ng4 18. Bxc7 Qxc7 19. h3 Nf6 20. Nd3 g5 21. Qd2 Qg7
22. Rb3 h6 23. e3 Kh8 24. Rfb1 Rg8 25. Kh2 h5 26. Qe2 h4 27. g4 fxg4 28. hxg4
Qc7+ 29. Kg1 Qh7 30. Ne5 Nd7 31. e4 Nxe5 32. dxe5 Bg6 33. Rd1 Qe7 34. exd5 cxd5
35. Rd4 Rgf8 36. Rc3 Be8 37. b5 axb5 38. axb5 Ra1+ 39. Kh2 Qc7 40. b6 Qg7 41.
Kh3 Ra4 42. Rxa4 Bxa4 43. Rf3 Kh7 44. Qe3 Kh6 45. Rxf8 Qxf8 46. f4 gxf4 47. Qf2
Kg7 48. Qxh4 f3 49. Qg5+ Kh7 50. Bf1 Qh6+ 51. Qxh6+ Kxh6 52. Kh4 Bc6 53. Kg3 d4
54. Bc4 Kg5 55. Bxe6 f2 56. Bc4 Bd7 57. Kxf2 d3 58. e6 d2 59. Ke2 1-0